The Weeknd Charting Songs (Billboard Hot Rap / R&B) - Statistics

General Stats
  • This quiz has been taken 20 times
    18 since last reset
  • The average score is 35 of 79
Answer Stats
Album Weeks On Peak Artist(s) Song % Correct
After Hours 66 Weeks #1 The Weeknd Blinding Lights
100%
Beauty Behind the Madness 28 Weeks #1 The Weeknd Can't Feel My Face
100%
Starboy 26 Weeks #1 The Weeknd ft. Daft Punk Starboy
100%
Starboy 26 Weeks #2 The Weeknd ft. Daft Punk I Feel It Coming
93%
Black Panther: The Album 20 Weeks #4 The Weeknd & Kendrick Lamar Pray for Me
87%
Beauty Behind the Madness 44 Weeks #1 The Weeknd The Hills
87%
After Hours 7 Weeks #10 The Weeknd After Hours
80%
Fifty Shades of Grey and Beauty Behind the Madness 31 Weeks #1 The Weeknd Earned It
80%
My Dear Melancholy, 17 Weeks #3 The Weeknd Call Out My Name
73%
Starboy 34 Weeks #3 The Weeknd Die For You
73%
Starboy 20 Weeks #14 The Weeknd Reminder
73%
Take Care 44 Weeks #9 Drake ft. The Weeknd Crew Love
67%
Dawn FM 4 Weeks #10 The Weeknd Is There Someone Else?
67%
My Dear Melancholy, 1 Week #20 The Weeknd ft. Gesaffelstein I Was Never There
67%
EVOL 26 Weeks #6 Future ft. The Weeknd Low Life
67%
Beauty Behind the Madness 27 Weeks #15 The Weeknd Often
67%
Dawn FM 18 Weeks #11 The Weeknd Out of Time
67%
Starboy 18 Weeks #8 The Weeknd Party Monster
67%
Starboy 2 Weeks #32 The Weeknd ft. Lana Del Rey Stargirl Interlude
67%
After Hours 23 Weeks #1 The Weeknd Heartless
60%
Dawn FM 10 Weeks #3 The Weeknd Sacrifice
60%
Beauty Behind the Madness 23 Weeks #3 The Weeknd In the Night
53%
Hyperion 7 Weeks #13 Gesaffelstein & The Weeknd Lost in the Fire
53%
Beauty Behind the Madness 4 Weeks #16 The Weeknd ft. Lana Del Rey Prisoner
53%
Legends Never Die 16 Weeks #5 Juice WRLD & The Weeknd Smile
53%
My Dear Melancholy, 3 Weeks #17 The Weeknd Wasted Times
53%
Planet Her 28 Weeks #2 Doja Cat & The Weeknd You Right
53%
Dawn FM 1 Week #19 The Weeknd ft. Tyler, The Creator Here We Go... Again
47%
Starboy 5 Weeks #12 The Weeknd ft. Kendrick Lamar Sidewalks
47%
Beauty Behind the Madness 12 Weeks #19 The Weeknd Tell Your Friends
47%
My Dear Melancholy, 2 Weeks #16 The Weeknd Try Me
47%
House of Balloons 23 Weeks #13 The Weeknd Wicked Games
47%
Beauty Behind the Madness 31 Weeks #21 The Weeknd Acquainted
40%
After Hours 2 Weeks #10 The Weeknd Alone Again
40%
Beauty Behind the Madness 3 Weeks #38 The Weeknd Angel
40%
After Hours 1 Week #21 The Weeknd Escape from LA
40%
My Dear Melancholy, 1 Week #23 The Weeknd ft. Gesaffelstein Hurt You
40%
Beauty Behind the Madness 3 Weeks #31 The Weeknd ft. Labrinth Losers
40%
For the Throne: Music Inspired by the HBO Series Game of Thrones 4 Weeks #36 SZA, The Weeknd & Travi$ Scott Power is Power
40%
Starboy 3 Weeks #20 The Weeknd Rockin'
40%
Lemonade 4 Weeks #10 Beyonce ft. The Weeknd 6 Inch
33%
Starboy 2 Weeks #21 The Weeknd ft. Future All I Know
33%
Beauty Behind the Madness 1 Week #42 The Weeknd As You Are
33%
Dawn FM 1 Week #23 The Weeknd Best Friends
33%
Beauty Behind the Madness 6 Weeks #33 The Weeknd ft. Ed Sheeran Dark Times
33%
Starboy 6 Weeks #23 The Weeknd False Alarm
33%
Dawn FM 1 Week #25 The Weeknd ft. Lil Wayne I Heard You're Married
33%
Starboy 2 Weeks #40 The Weeknd Ordinary Life
33%
Starboy 3 Weeks #22 The Weeknd Secrets
33%
Starboy 7 Weeks #15 The Weeknd Six Feet Under
33%
Nav 4 Weeks #38 NAV ft. The Weeknd Some Way
33%
Starboy 3 Weeks #23 The Weeknd True Colors
33%
LUV is Rage 2 1 Week #42 Lil Uzi Vert ft. The Weeknd UnFazed
33%
Starboy 2 Weeks #37 The Weeknd A Lonely Night
27%
Starboy 2 Weeks #35 The Weeknd Attention
27%
Hndrxx 3 Weeks #19 Future ft. The Weeknd Comin' Out Strong
27%
After Hours 1 Week #24 The Weeknd Faith
27%
Kiss Land 1 Week #47 The Weeknd ft. Drake Live For
27%
Starboy 2 Weeks #36 The Weeknd Nothing Without You
27%
Bad Habits 1 Week #29 NAV ft. The Weeknd Price On My Head
27%
My Dear Melancholy, 1 Week #27 The Weeknd Privilege
27%
Beauty Behind the Madness 5 Weeks #23 The Weeknd Real Life
27%
After Hours 1 Week #32 The Weeknd Repeat After Me (Interlude)
27%
After Hours 2 Weeks #12 The Weeknd Scared to Live
27%
After Hours 1 Week #16 The Weeknd Snowchild
27%
After Hours 1 Week #13 The Weeknd Too Late
27%
After Hours 1 Week #40 The Weeknd Until I Bleed Out
27%
Starboy 2 Weeks #39 The Weeknd Love to Lay
20%
Up For Days 20 Weeks #21 Belly ft. The Weeknd Might Not
20%
O.N.I.F.C. 20 Weeks #15 Wiz Khalifa ft. The Weeknd Remember You
20%
Beauty Behind the Madness 3 Weeks #27 The Weeknd Shameless
20%
Jungle Rules 1 Week #31 French Montana ft. The Weeknd & Max B A Lie
13%
See You Next Wednesday 1 Week #31 Belly, The Weeknd & Young Thug Better Believe
13%
Mr. Davis 5 Weeks #28 Gucci Mane ft. The Weeknd Curve
13%
Dawn FM 1 Week #34 The Weeknd Don't Break My Heart
13%
Queen 1 Week #49 Nicki Minaj ft. The Weeknd Thought I Knew You
13%
Fifty Shades of Grey 2 Weeks #31 The Weeknd Where You Belong
13%
Mastermind 1 Week #47 Rick Ross ft. The Weeknd In Vein
7%
Dreams Worth More Than Money 3 Weeks #31 Meek Mill ft. The Weeknd Pullin Up
7%
No matching quizzes found
Score Distribution
Percent of People with Each Score
Percentile by Number Answered
Your Score History
You have not taken this quiz since the last reset